| 000 | 00560nam a2200181 a 4500 | ||
|---|---|---|---|
| 005 | 20140412111309.0 | ||
| 008 | 010404s19uu xx 00 eng d | ||
| 020 | _a1-57471-124-5 | ||
| 050 |
_aTR(PS E _bHo83 1996 |
||
| 100 | _aHood, Christine | ||
| 245 |
_aHow can I help? / _cwritten by Christine Hood ; photographed by Michael Jarrett. |
||
| 260 |
_aCypress, CA : _bCreative Teaching Press, _c1996. |
||
| 300 | _a8 p. ; ill. | ||
| 440 | _aRead to Learn-Learn to Read | ||
| 500 | _aEmergent Reader Level I | ||
| 650 | _aSocial studies | ||
| 999 |
_c103878 _d103878 |
||